| 000 | 00535nam a2200217 a 4500 | ||
|---|---|---|---|
| 999 |
_c9802 _d9802 |
||
| 001 | 9802 | ||
| 003 | BD-JhCC | ||
| 005 | 20180401100420.0 | ||
| 008 | 180401s1964 e a|||| || | 001 0 eng d | ||
| 035 | _a(BD-JhCC)9802 | ||
| 040 |
_aBD-JhCC _dBD-JhCC |
||
| 041 | _aeng | ||
| 082 |
_a940.415 _bLAW 1964 |
||
| 100 | _aLawrence, T. E. | ||
| 245 |
_aSeven Pillars of Wisdom / _c T. E. Lawrence, |
||
| 260 |
_aLondon : _bPenguin Books, _c1964 |
||
| 300 |
_a700 p. : _c22 cm. |
||
| 650 | _aWorld War | ||
| 942 |
_2ddc _cBK |
||